Word Ladder: 'The Blackhearts' Hit Quiz Stats

 Plays Quiz Updated Oct 8, 2012

Support Sporcle.
Go Orange.
Score 0/30 Timer 03:00
0 Plays Today
Hint Word % Correct
What a vegetarian won't eatMEAT
98.3%
Where a bird lays its eggsNEST
97.7%
Surrounds a castleMOAT
96.5%
Like a scotch sans iceNEAT
93.7%
Earth's is made of iron and nickelCORE
92.6%
Posted; mailedSENT
92.4%
Feel concern forCARE
91.9%
Object typically pulled by a horseCART
91.3%
Speak or act in a joking mannerJEST
91.1%
Use a car hornHONK
91%
Fill a suitcase ready for a journeyPACK
90.3%
Solitary or singleLONE
89.7%
Complain; grumbleMOAN
89.3%
Chess pieceROOK
88.1%
Refine or master a skillHONE
88%
Hint Word % Correct
An actor's part in a playROLE
87.5%
Having little colorPALE
86.2%
A small sheltered bayCOVE
85.8%
Hit for the Blackhearts, ''I ____ [rung 23] 'n' [rung 29]''★ LOVE ★
85.2%
Mediaeval torture device for stretchingRACK
84.9%
One from Warsaw or GdańskPOLE
84.6%
1991 Robin Williams filmHOOK
84.3%
Hit for the Blackhearts, ''I [rung 17] ____ 'n' [rung 30]''★ ROCK ★
83.4%
Prefix meaning 1/100thCENT
83.1%
A single stepPACE
82.8%
Hit for the Blackhearts, ''I [rung 17] [rung 23] 'n' ____''★ ROLL ★
78.9%
With [rung 8], lead singer of The Blackhearts★ JOAN ★
77.2%
Undoubtedly; 'a dead ____'CERT
76.6%
With [rung 1], lead singer of The Blackhearts★ JETT ★
72.6%
A badger's homeSETT
67.8%

Today's Daily Dose

You're not logged in!

Compare scores with friends on all Sporcle quizzes.
OR
Log In

From the Vault

Movie by Four Character First Names II

by babymonkee

At least these characters have memorable names.
Remove Ads.
Support Sporcle.
Get the best of Sporcle when you Go Orange. This ad-free experience offers more features, more stats, and more fun while also helping to support Sporcle. Thank you for becoming a member.

Show Comments

Extras

Top Quizzes Today


Score Distribution

Your Account Isn't Verified!

In order to create a playlist on Sporcle, you need to verify the email address you used during registration. Go to your Sporcle Settings to finish the process.

Report this User

Report this user for behavior that violates our Community Guidelines.

Details: